000 00541nam a2200181 4500
005 20250121123240.0
010 _aENG-143461
020 _a9789393384911
_c349.00
035 _aEN-126993
037 _bDBAD
082 _a371.82
100 _aShanmugan, Vidhya
_976820
245 _aThe Menstrual Symphony:
_bUnlocking the Secrets of Hormonal Health/
_cby Vidhya Shanmugan
260 _bBluerose Publishers
_c2024
270 _mwww.bluerosepublishers.com
300 _a158p.
_c20cm(Hb)
942 _2ddc
_cEN
_h371.82
_mSHA
999 _c208650
_d208650